[Event "3. London Chess Classic 2011"]
[Site "London ENG"]
[Date "2011.12.03"]
[Round "1.3"]
[White "Carlsen, Magnus"]
[Black "Howell, David W L"]
[Result "1-0"]
[WhiteElo "2826"]
[BlackElo "2633"]
[PlyCount "79"]
[EventDate "2011.12.03"]
[EventType "tourn"]
[EventRounds "9"]
[EventCountry "ENG"]
[EventCategory "20"]
[Source "lmi"]
[SourceDate "2011.12.03"]

1. e4 e5 2. Nf3 Nc6 3. Bb5 Nf6 4. d3 Bc5 5. c3 O-O 6. O-O Re8 7. Bg5 h6 8. Bh4
Bf8 9. Nbd2 d6 10. d4 exd4 11. Nxd4 Bd7 12. Nxc6 bxc6 13. Bd3 Be7 14. f4 Qb8
15. Bxf6 Bxf6 16. e5 dxe5 17. Ne4 Qxb2 18. f5 Red8 19. Bc4 Be8 20. Qh5 Rd6 21.
Rab1 Qc2 22. Qg4 Kf8 23. h3 Rad8 24. Kh2 Qa4 25. Rb4 Qa3 26. Rb7 R6d7 27. Qf3
Qa4 28. Qe2 Re7 29. Nxf6 gxf6 30. Qe3 Red7 31. Qc5+ Rd6 32. Rxc7 Qc2 33. Rc8
R8d7 34. Be6 Ke7 35. Bxd7 Bxd7 36. Rh8 Qd3 37. Rf3 Qd5 38. Qxa7 e4 39. Qb8 Qe5+
40. Rg3 1-0

[Event "3. London Chess Classic 2011"]
[Site "London ENG"]
[Date "2011.12.03"]
[Round "1.4"]
[White "Adams, Michael"]
[Black "Anand, Viswanathan"]
[Result "1/2-1/2"]
[WhiteElo "2734"]
[BlackElo "2811"]
[PlyCount "97"]
[EventDate "2011.12.03"]
[EventType "tourn"]
[EventRounds "9"]
[EventCountry "ENG"]
[EventCategory "20"]
[Source "lmi"]
[SourceDate "2011.12.03"]

1. e4 c5 2. Nf3 d6 3. d4 cxd4 4. Nxd4 Nf6 5. Nc3 a6 6. Be2 e5 7. Nb3 Be7 8. O-O
O-O 9. Be3 Be6 10. Qd2 Nbd7 11. a4 Nb6 12. a5 Nc4 13. Bxc4 Bxc4 14. Rfd1 Rc8
15. Bb6 Qe8 16. Nc1 d5 17. Nxd5 Nxe4 18. Nxe7+ Qxe7 19. Qe1 f5 20. b3 Bf7 21.
c4 Rfe8 22. f3 Nc5 23. Qe3 Nd7 24. Nd3 Nxb6 25. axb6 e4 26. fxe4 fxe4 27. Nf4
Rc6 28. Nd5 Bxd5 29. Rxd5 Qe6 30. Rad1 Rxb6 31. Rd8 Rc6 32. R1d4 Rc8 33. Rxc8
Qxc8 34. Rxe4 Rxe4 35. Qxe4 Qd7 36. Kf2 h6 37. Ke3 a5 38. h3 b6 39. Qe5 Qc6 40.
Qe4 Qc5+ 41. Kd3 Qg1 42. Qe8+ Kh7 43. Qe4+ Kg8 44. Qf3 Qc5 45. g4 Qd6+ 46. Ke3
Qe5+ 47. Kd3 Qd6+ 48. Ke3 Qe5+ 49. Kd3 1/2-1/2